| 000 | 00396nam a2200121Ia 4500 | ||
|---|---|---|---|
| 008 | 170224s9999 xx 000 0 und d | ||
| 245 | _aHeading to the right: The effect of aperture width on navigation asymmetries for miniature remote-controlled vehicles. | ||
| 260 | _bJournal of Experimental Psychology: Applied | ||
| 260 | _c2016 | ||
| 300 | _a22:2 | ||
| 500 | _aJune | ||
| 650 | _xPsychology. | ||
| 999 |
_c316507 _d316507 |
||